Dictionnaire de la science politique et des institutions politiques (notice n° 2197745)
[ vue normale ]
| 000 -LEADER | |
|---|---|
| fixed length control field | 01025cam a2200169 4500500 |
| 005 - DATE AND TIME OF LATEST TRANSACTION | |
| control field | 20260405085448.0 |
| 041 ## - LANGUAGE CODE | |
| Language code of text/sound track or separate title | fre |
| 042 ## - AUTHENTICATION CODE | |
| Authentication code | dc |
| 100 10 - MAIN ENTRY--PERSONAL NAME | |
| Personal name | Hermet, Guy |
| Relator term | author |
| 245 00 - TITLE STATEMENT | |
| Title | Dictionnaire de la science politique et des institutions politiques |
| 260 ## - PUBLICATION, DISTRIBUTION, ETC. | |
| Name of publisher, distributor, etc. | Armand Colin,<br/> |
| Date of publication, distribution, etc. | 2023.<br/> |
| 520 ## - SUMMARY, ETC. | |
| Summary, etc. | Ce Dictionnaire de la science politique et des institutions politiques couvre deux domaines distincts, la théorie politique (ses concepts, ses méthodes), et la pratique, inscrite dans les institutions politiques et dans l’exercice du pouvoir. Ce dictionnaire traite en priorité de la France et des pays francophones, tout en s’efforçant d’élargir le champ de la comparaison à la dimension européenne et même mondiale. |
| 700 10 - ADDED ENTRY--PERSONAL NAME | |
| Personal name | Badie, Bertrand |
| Relator term | author |
| 700 10 - ADDED ENTRY--PERSONAL NAME | |
| Personal name | Birnbaum, Pierre |
| Relator term | author |
| 700 10 - ADDED ENTRY--PERSONAL NAME | |
| Personal name | Braud, Philippe |
| Relator term | author |
| 856 41 - ELECTRONIC LOCATION AND ACCESS | |
| Uniform Resource Identifier | <a href="https://shs.cairn.info/dictionnaire-de-la-science-politique-et-des-institutions-politiques--9782200634704?lang=fr&redirect-ssocas=7080">https://shs.cairn.info/dictionnaire-de-la-science-politique-et-des-institutions-politiques--9782200634704?lang=fr&redirect-ssocas=7080</a> |
Pas d'exemplaire disponible.




Réseaux sociaux